=LDR 00000nam 2200000 4500 =001 INLIS000000000057203 =005 20201208075702 =035 ##$$a 0010-1220000104 =007 ta =008 201208###########################0#ind## =082 ##$$a 297.221 =084 ##$$a 297.221-Idr i =245 1#$$a Istisah Hadits Shahih Bukhari /$c Idrus H. Al-kaf =300 ##$$a viii, 240 halaman ; $c 21 cm =650 #4$$a Hadits Bukhari-Kumpulan Hadits =264 ##$$a Surabaya :$b Karya Utama,$c Tidak Tridentifikasi =336 ##$$a teks$2 rdacontent =337 ##$$a lain-lain$2 rdamedia =338 ##$$a lain-lain$2 rdacarrier =990 ##$$a 36503650